000 01291namaa2200313 i 4500
003 EG-GICUC
005 20260701112424.0
008 260701s1982 su b|||jr|||| 000 0 ara d
040 _aEG-GiCUC
_bara
_cEG-GiCUC
_dEG-GiCUC
_erda
082 0 4 _221
_a953.0738
_bA966
092 0 4 _221
_a953.0738
_bA966
099 _a953.0738 A966
100 1 _aالعوفى، محمد سالم بن شديد
_eمؤلف.
245 1 2 _aالعلاقات السياسية بين الدولة الفاطمية والدولة العباسية فى العصر السلجوقى 447-567ه / 1055-1171م /
_cتأليف الدكتور محمد سالم بن شديد العوفى
250 _aالطبعة الاولى
264 _aغير محدد
_bغير محدد
_c1982
300 _a418 صفحة :
_bخرائط ؛
_c24 سم
336 _2rdacontent
_atext
337 _2rdamedia
_aUnmediated
338 _2rdacarrier
_avolume
504 _aيشتمل على ارجاعات ببليوجرافية
541 _aد. حسنين ربيع ؛
_bالقاهرة ؛
_cإهداء ؛
_d2024.
650 1 7 _aالدولة الفاطمية
_2qrmak
650 1 7 _aالدولة العباسية
_2qrmak
650 1 7 _aالدولة السلجوقية
_2qrmak
651 1 _2qrmak
905 _aNermeen
942 _2ddc
_cBK
_e21
_n0
999 _c180668
_d180668